Detalles MARC
| 000 -LIDER |
| fixed length control field |
01009nam a22003377a 4500 |
| 001 - NÚMERO DE CONTROL |
| Identificador de número de control |
000617 |
| 003 - IDENTIFICACDOR DE NÚMERO DE CONTROL |
| control field |
DO-SdBNP |
| 005 - DATE AND TIME OF LATEST TRANSACTION |
| control field |
20180118094753.0 |
| 007 - CAMPOS FIJOS DE DESCRIPCIÓN FÍSICA |
| fixed length control field |
000617 |
| 008 - ELEMENTOS DE LONGITUD FIJA |
| fixed length control field |
161027b 1993 sp a ||||| |||| 00| 0 spa d |
| 020 ## - ISBN |
| International Standard Book Number |
8434822822 |
| 040 ## - FUENTE DE CATALOGACIÓN |
| Agencia que crea de manera original el registro |
BPMSU |
| Idioma de catalogación |
spa |
| Agencia que realiza la transcripción |
BPMSU |
| 041 17 - CÓDIGOS DE OBRAS TRADUCIDAS O EN VARIOS IDIOMAS |
| Código del idioma del texto/archivo de sonido o separata |
spa |
| Cód. del idioma original y/o traducciones intermedias del texto |
eng |
| 082 ## - NÚMERO DE CLASIFICACIÓN DECIMAL DE DEWEY |
| Classification number |
xxxx |
| Item number |
xxxx |
| 100 1# - ASIENTO PRINCIPAL -- NOMBRE PERSONAL |
| Nombre personal |
Dickens, Mónica |
| 240 10 - TITULO UNIFORME |
| Título uniforme |
The house at world's end. |
| Idioma de una obra |
Español |
| 245 10 - MENCIÓN DE TITULO |
| Título |
La casa del fin del mundo / |
| Mención de responsabilidad |
Mónica Dickens ; traducción del inglés, Ana Moret ; ilustraciones, Mónica Echevarría |
| 250 ## - MENCIÓN DE EDICION |
| Mención de edición |
5a ed. |
| 260 ## - PUBLICACIÓN, DISTRIBUCIÓN, ETC. (PIE DE IMPRENTA) |
| Lugar de publicación, distribución, etc |
Madrid : |
| Nombre del editor, distribuidor, etc. |
SM, |
| Fecha de publicación, distribución, etc |
1993 |
| 300 ## - DESCRIPCIÓN FÍSICA |
| Extensión |
156 p. : |
| Otros detalles físicos |
il. ; |
| Dimensiones |
19 cm. |
| 490 1# - MENCIÓN DE SERIES |
| Mención de serie |
El barco de vapor |
| Volume/sequential designation |
43 |
| 490 1# - MENCIÓN DE SERIES |
| Mención de serie |
Roja |
| 500 ## - NOTA GENERAL |
| Nota general |
Traducción de: The house at world's end |
| 700 1# - ASIENTO SECUNDARIO -- NOMBRE PERSONAL |
| Nombre personal |
Moret, Ana, |
| Mención de responsabilidad |
tr. |
| 700 1# - ASIENTO SECUNDARIO -- NOMBRE PERSONAL |
| Nombre personal |
Echevarría, Mónica, |
| Mención de responsabilidad |
il. |
| 830 #0 - ASIENTO SECUNDARIO DE SERIE--TÍTULO UNIFORME |
| Título uniforme |
El barco de vapor ; |
| Volume number/sequential designation |
43 |
| 830 #0 - ASIENTO SECUNDARIO DE SERIE--TÍTULO UNIFORME |
| Título uniforme |
Roja |
| 942 ## - ADDED ENTRY ELEMENTS (KOHA) |
| Source of classification or shelving scheme |
Dewey Decimal Classification |
| Koha item type |
Libros |
| 945 ## - INFORMACIÓN DE PROCESAMIENTO LOCAL |
| Información de procesamiento local |
Inventariado, 2018 /LP |
| 956 ## - LOCAL ELECTRONIC LOCATION AND ACCESS (OCLC) |
| Nombre de host |
LOPEREZ |
| Número de acceso |
10 |
| Información de compresión |
20161028 |
| Trayectoria |
BPMSU |